[Event "Tch-CRO 1stB Liga 2017"]
[Site "Mali Losinj"]
[Date "2017.09.30"]
[Round "3.44"]
[White "Goric, Esad"]
[Black "Biti, Ozren"]
[Result "1/2-1/2"]
[WhiteElo "2285"]
[BlackElo "2345"]
[PlyCount "30"]
[EventDate "2017.09.28"]
[EventType "team"]
[EventRounds "9"]
[EventCountry "CRO"]

1. Nf3 d6 2. d4 g6 3. g3 Bg7 4. Bg2 Nd7 5. O-O e5 6. c4 Nh6 7. Nc3 O-O 8. e4 c6
9. d5 c5 10. a3 f6 11. Rb1 Nf7 12. Qc2 a6 13. b4 Qc7 14. bxc5 Nxc5 15. Be3 Bh6
1/2-1/2

[Event "Tch-CRO 1stB Liga 2017"]
[Site "Mali Losinj"]
[Date "2017.09.30"]
[Round "3.45"]
[White "Sertic, Rudolf"]
[Black "Pucovski, Miroslav"]
[Result "0-1"]
[WhiteElo "2382"]
[BlackElo "2291"]
[PlyCount "102"]
[EventDate "2017.09.28"]
[EventType "team"]
[EventRounds "9"]
[EventCountry "CRO"]

1. d4 d5 2. c4 c6 3. Nf3 Nf6 4. Nc3 e6 5. e3 Nbd7 6. Qc2 Bd6 7. Bd3 O-O 8. O-O
dxc4 9. Bxc4 e5 10. h3 Qe7 11. Bb3 Re8 12. Ng5 Rf8 13. f4 exd4 14. exd4 h6 15.
Bd2 Nb6 16. Rae1 Qd8 17. Nf3 Bc7 18. a3 Nbd5 19. Ne5 Bb6 20. Nxd5 Nxd5 21. Qc4
Be6 22. f5 Ne3 23. Qd3 Nxf5 24. Bb4 Qxd4+ 25. Kh2 Qxd3 26. Nxd3 Rfe8 27. Bxe6
fxe6 28. g4 Ne3 29. Rf3 Nc2 30. Re4 Nxb4 31. axb4 Rad8 32. Kg2 Rd4 33. Rxd4
Bxd4 34. Rf4 e5 35. Re4 Kf7 36. Kf3 Ke6 37. Re2 Kd5 38. Nf4+ Kc4 39. Nh5 e4+
40. Rxe4 Rxe4 41. Kxe4 Bxb2 42. Kf5 Kxb4 43. Kg6 a5 44. Nxg7 Bxg7 45. Kxg7 a4
46. Kxh6 a3 47. g5 a2 48. g6 a1=Q 49. g7 Qf6+ 50. Kh7 Qh4+ 51. Kg6 Qxh3 0-1

[Event "Tch-CRO 1stB Liga 2017"]
[Site "Mali Losinj"]
[Date "2017.09.30"]
[Round "3.46"]
[White "Bubalovic, Davorin"]
[Black "Filipovic, Marko"]
[Result "1/2-1/2"]
[WhiteElo "2241"]
[BlackElo "2332"]
[PlyCount "58"]
[EventDate "2017.09.28"]
[EventType "team"]
[EventRounds "9"]
[EventCountry "CRO"]

1. e4 c5 2. Nf3 Nf6 3. e5 Nd5 4. Nc3 Nxc3 5. dxc3 e6 6. Bf4 Be7 7. Qd2 b6 8. h4
Ba6 9. O-O-O Bxf1 10. Rdxf1 Nc6 11. h5 h6 12. Rh3 Qc7 13. Rg3 Bf8 14. Qe2 O-O-O
15. Rg4 Ne7 16. Nd2 Nf5 17. Nc4 Rg8 18. Rd1 g5 19. Nd6+ Bxd6 20. exd6 Qc6 21.
Be5 Rdf8 22. Bf6 Kb7 23. Qe5 c4 24. b3 b5 25. Kb2 Ka8 26. Be7 Rb8 27. Ra1 Rgc8
28. Bf6 Qa6 29. b4 Qa4 1/2-1/2

[Event "Tch-CRO 1stB Liga 2017"]
[Site "Mali Losinj"]
[Date "2017.09.30"]
[Round "3.51"]
[White "Medvegy, Zoltan"]
[Black "Livaic, Leon"]
[Result "1-0"]
[WhiteElo "2550"]
[BlackElo "2461"]
[PlyCount "103"]
[EventDate "2017.09.28"]
[EventType "team"]
[EventRounds "9"]
[EventCountry "CRO"]

1. c4 e5 2. g3 Nc6 3. Nc3 g6 4. Bg2 Bg7 5. e4 d6 6. Nge2 Nge7 7. d3 O-O 8. O-O
Be6 9. Nd5 f5 10. Be3 Qd7 11. Qd2 Rf7 12. Rac1 Raf8 13. f3 Nd4 14. Nxd4 exd4
15. Bg5 fxe4 16. Bxe7 e3 17. Qe2 Rxe7 18. Nxe7+ Qxe7 19. f4 c6 20. h4 h6 21.
Be4 Bf5 22. Bxf5 gxf5 23. Rc2 Qf7 24. b4 Bf6 25. c5 d5 26. Rb1 Kh8 27. b5 Rg8
28. bxc6 bxc6 29. Kh2 Rg4 30. Kh3 Qh5 31. Rb8+ Kg7 32. Qe1 Rg6 33. Qe2 Rg4 34.
Qe1 Rg6 35. Rb7+ Kf8 36. Qe2 Rg4 37. Qe1 Rg6 38. Rb8+ Kf7 39. Qe2 Rg4 40. Qe1
Rg6 41. Rbb2 Ke6 42. Rg2 Be7 43. Kh2 Rg4 44. Kg1 Qg6 45. a3 Bd8 46. Rb7 Qg8 47.
Rb8 Rg7 48. Kh2 Qe8 49. Qb4 Re7 50. Qxd4 Kf7 51. Re2 h5 52. Kg2 1-0

[Event "Tch-CRO 1stB Liga 2017"]
[Site "Mali Losinj"]
[Date "2017.09.30"]
[Round "3.52"]
[White "Plat, Vojtech"]
[Black "Rezan, Sasa"]
[Result "0-1"]
[WhiteElo "2539"]
[BlackElo "2430"]
[PlyCount "50"]
[EventDate "2017.09.28"]
[EventType "team"]
[EventRounds "9"]
[EventCountry "CRO"]

1. d4 Nf6 2. c4 e6 3. g3 d5 4. Bg2 Bb4+ 5. Nd2 O-O 6. Qc2 c5 7. dxc5 Bxc5 8.
cxd5 Na6 9. Ne4 Nxe4 10. Bxe4 Qb6 11. Nh3 exd5 12. Bxh7+ Kh8 13. Bf5 Nb4 14.
Qb1 g6 15. Bxc8 Raxc8 16. O-O Nc2 17. Bh6 Rfe8 18. Qc1 Nxa1 19. Qf4 Kg8 20. Qh4
Re4 21. Nf4 Nc2 22. Bg5 Rxf4 23. gxf4 Bf8 24. Rd1 Qe6 25. Rd2 Ne3 0-1

[Event "Tch-CRO 1stB Liga 2017"]
[Site "Mali Losinj"]
[Date "2017.09.30"]
[Round "3.53"]
[White "Sinanovic, Muhamed"]
[Black "Repka, Christopher"]
[Result "0-1"]
[WhiteElo "2376"]
[BlackElo "2475"]
[PlyCount "110"]
[EventDate "2017.09.28"]
[EventType "team"]
[EventRounds "9"]
[EventCountry "CRO"]

1. c4 c6 2. d4 d5 3. cxd5 cxd5 4. Nc3 Nf6 5. Nf3 Nc6 6. a3 Bg4 7. Bf4 Bxf3 8.
gxf3 e6 9. e3 Bd6 10. Bg3 h5 11. Bb5 h4 12. Bxd6 Qxd6 13. f4 a6 14. Bxc6+ Qxc6
15. Rc1 Rc8 16. O-O Qd7 17. Kh1 g6 18. f3 Kf8 19. Qd2 Kg7 20. Ne2 Qb5 21. Kg2
Nd7 22. Rxc8 Rxc8 23. Rc1 Rc6 24. Rxc6 bxc6 25. Qc2 Nb6 26. b3 Nc8 27. Kf2 Qb7
28. Nc1 Nd6 29. Nd3 Nf5 30. Ne5 Ne7 31. Nd3 Qb8 32. b4 h3 33. Qc5 Qe8 34. a4 g5
35. fxg5 Nf5 36. e4 Qb8 37. Ne5 Nd6 38. exd5 cxd5 39. Ke2 Nc4 40. f4 Nxe5 41.
dxe5 Qh8 42. Qc3 Qe8 43. Qb3 d4 44. b5 axb5 45. axb5 Qa8 46. b6 Qe4+ 47. Kd2
Qxf4+ 48. Kd3 Qxh2 49. b7 Qg3+ 50. Kc4 Qxb3+ 51. Kxb3 h2 52. b8=Q h1=Q 53. Kb2
Qe4 54. Qd6 d3 55. Kc3 Qe2 0-1

[Event "Tch-CRO 1stB Liga 2017"]
[Site "Mali Losinj"]
[Date "2017.09.30"]
[Round "3.54"]
[White "Vujakovic, Branko"]
[Black "Bilobrk, Franjo"]
[Result "1-0"]
[WhiteElo "2355"]
[BlackElo "2362"]
[PlyCount "69"]
[EventDate "2017.09.28"]
[EventType "team"]
[EventRounds "9"]
[EventCountry "CRO"]

1. e4 e5 2. Nf3 Nc6 3. Bb5 a6 4. Ba4 Nf6 5. O-O Be7 6. d3 b5 7. Bb3 d6 8. a4 b4
9. Nbd2 O-O 10. Nc4 Bg4 11. Be3 d5 12. exd5 Nxd5 13. h3 Nxe3 14. fxe3 Bh5 15.
Qe1 Bxf3 16. Rxf3 Kh8 17. Qg3 f6 18. Qg4 a5 19. Qe4 Ra6 20. Raf1 g6 21. g4 Kg7
22. Kg2 Kh8 23. h4 Kg7 24. h5 Bd6 25. Rh1 f5 26. gxf5 Qg5+ 27. Rg3 Qxf5 28.
Qxf5 Rxf5 29. hxg6 hxg6 30. Rgh3 Nd8 31. Rh7+ Kf6 32. Nd2 e4 33. Nxe4+ Ke5 34.
R1h4 c5 35. d4+ 1-0

[Event "Tch-CRO 1stB Liga 2017"]
[Site "Mali Losinj"]
[Date "2017.09.30"]
[Round "3.55"]
[White "Biliskov, Vjekoslav"]
[Black "Blazeka, Matej"]
[Result "1/2-1/2"]
[WhiteElo "2271"]
[BlackElo "2325"]
[PlyCount "59"]
[EventDate "2017.09.28"]
[EventType "team"]
[EventRounds "9"]
[EventCountry "CRO"]

1. e4 e5 2. Nf3 Nc6 3. Bb5 a6 4. Ba4 Nge7 5. Bb3 Ng6 6. c3 d6 7. d4 Be7 8. Be3
O-O 9. Nbd2 Nh4 10. O-O Bg4 11. h3 Nxf3+ 12. Nxf3 Bxf3 13. Qxf3 Na5 14. Bc2 Nc4
15. Bc1 Bg5 16. Qe2 Bxc1 17. Rfxc1 Nb6 18. dxe5 dxe5 19. a4 Qe7 20. a5 Nd7 21.
Bb3 Rfd8 22. Bc4 Nc5 23. Rd1 g6 24. g3 Kg7 25. Kg2 c6 26. b4 Ne6 27. Rxd8 Rxd8
28. Rd1 Rxd1 29. Qxd1 Nc7 30. Qd3 1/2-1/2

[Event "Tch-CRO 1stB Liga 2017"]
[Site "Mali Losinj"]
[Date "2017.09.30"]
[Round "3.56"]
[White "Brumen, Dinko"]
[Black "Lasic, Vitomir"]
[Result "1-0"]
[WhiteElo "2338"]
[BlackElo "1952"]
[PlyCount "59"]
[EventDate "2017.09.28"]
[EventType "team"]
[EventRounds "9"]
[EventCountry "CRO"]

1. d4 d5 2. Nf3 e6 3. c4 Nf6 4. Nc3 Bb4 5. Bd2 O-O 6. e3 b6 7. cxd5 exd5 8. Be2
Bg4 9. Ne5 Bxe2 10. Qxe2 Re8 11. O-O c5 12. Qf3 Bxc3 13. Bxc3 Nbd7 14. Nxd7
Qxd7 15. dxc5 Ne4 16. cxb6 Nxc3 17. bxc3 axb6 18. h3 Ra3 19. Rfd1 Rd8 20. Rd3
h6 21. Rad1 Qc7 22. e4 Rc8 23. exd5 Rxc3 24. d6 Rxd3 25. Qxd3 Qd7 26. Re1 Rd8
27. Re7 Qc6 28. Qf5 f6 29. Qe6+ Kh7 30. Qxf6 1-0

[Event "Tch-CRO 1stB Liga 2017"]
[Site "Mali Losinj"]
[Date "2017.10.01"]
[Round "4.11"]
[White "Stojanovski, Dejan"]
[Black "Livaic, Leon"]
[Result "0-1"]
[WhiteElo "2454"]
[BlackElo "2461"]
[PlyCount "108"]
[EventDate "2017.09.28"]
[EventType "team"]
[EventRounds "9"]
[EventCountry "CRO"]

1. d4 e6 2. Nf3 Nf6 3. Bf4 b6 4. e3 Bb7 5. Nbd2 c5 6. c3 cxd4 7. exd4 Be7 8. h3
O-O 9. Bd3 d6 10. O-O Nbd7 11. Bh2 Re8 12. Re1 Bf8 13. Qc2 Rc8 14. Ne4 Nxe4 15.
Bxe4 Bxe4 16. Qxe4 Qc7 17. Qd3 Qb7 18. a4 a6 19. Nd2 d5 20. a5 bxa5 21. b3 Rc6
22. c4 Bb4 23. Re2 a4 24. Rxa4 Rec8 25. Be5 Bxd2 26. Rxd2 f6 27. cxd5 Rc1+ 28.
Kh2 fxe5 29. dxe6 e4 30. Qxa6 Qc7+ 31. g3 Nb6 32. Raa2 Nd5 33. Qa7 Qxa7 34.
Rxa7 R1c7 35. Ra5 Rd8 36. Re2 Nf6 37. d5 Kf8 38. Rd2 Ke7 39. b4 Ne8 40. Rc5
Rxc5 41. bxc5 Nf6 42. Ra2 Rxd5 43. Ra7+ Kxe6 44. Rxg7 Rxc5 45. g4 Rc2 46. g5
Nd5 47. Kg3 Kf5 48. Rxh7 Kxg5 49. h4+ Kg6 50. Ra7 Rc3+ 51. Kh2 Nf4 52. Re7 Rh3+
53. Kg1 Kf5 54. Rf7+ Kg4 0-1

[Event "Tch-CRO 1stB Liga 2017"]
[Site "Mali Losinj"]
[Date "2017.10.01"]
[Round "4.12"]
[White "Plat, Vojtech"]
[Black "Saric, Ante"]
[Result "1-0"]
[WhiteElo "2539"]
[BlackElo "2549"]
[PlyCount "67"]
[EventDate "2017.09.28"]
[EventType "team"]
[EventRounds "9"]
[EventCountry "CRO"]

1. e4 e6 2. d3 c5 3. g3 d5 4. Qe2 dxe4 5. dxe4 b6 6. Nc3 Nc6 7. Be3 Nf6 8. Rd1
Bd7 9. f4 Nd4 10. Bxd4 cxd4 11. Rxd4 Bc5 12. Rd3 O-O 13. Bg2 Rc8 14. e5 Nd5 15.
Nxd5 exd5 16. Bxd5 Qe7 17. Nf3 Bb4+ 18. Kf2 Qc5+ 19. Rd4 Bb5 20. c4 Rfd8 21.
Qe4 Rxd5 22. Qxd5 Bxc4 23. Qxc5 Bxc5 24. Rc1 Bxa2 25. Kg2 a5 26. f5 g6 27. g4
gxf5 28. gxf5 Kh8 29. Rd3 Rg8+ 30. Kh3 a4 31. Nd2 Re8 32. Ra1 Bb3 33. Nxb3 axb3
34. Re1 1-0

[Event "Tch-CRO 1stB Liga 2017"]
[Site "Mali Losinj"]
[Date "2017.10.01"]
[Round "4.13"]
[White "Saric, Ibro"]
[Black "Repka, Christopher"]
[Result "1-0"]
[WhiteElo "2553"]
[BlackElo "2475"]
[PlyCount "94"]
[EventDate "2017.09.28"]
[EventType "team"]
[EventRounds "9"]
[EventCountry "CRO"]

1. d4 g6 2. e4 Bg7 3. c3 d6 4. Nf3 Nf6 5. Bd3 O-O 6. O-O e5 7. dxe5 dxe5 8. Qc2
Nbd7 9. Re1 Nc5 10. Bf1 Ncxe4 11. Rxe4 Bf5 12. Bd3 Qd6 13. Ne1 Rad8 14. Re3 e4
15. Be2 Nd5 16. Na3 Bh6 17. Nb5 Qf6 18. c4 Nxe3 19. Bxe3 Bxe3 20. fxe3 c6 21.
Nd4 Rxd4 22. exd4 Qxd4+ 23. Kf1 Qe5 24. Kg1 Qd4+ 25. Kh1 Qf2 26. h3 e3 27. Qd1
Re8 28. Nf3 Be4 29. Qf1 Bxf3 30. gxf3 a5 31. Qg2 Qh4 32. Rd1 Qe7 33. Qg4 c5 34.
Qf4 Qe6 35. Kg2 Kg7 36. Rd6 Qe7 37. Rd5 b6 38. Kg3 h6 39. Qd6 Qe6 40. Qxe6 Rxe6
41. f4 f5 42. Kf3 Kf6 43. Rd3 g5 44. fxg5+ hxg5 45. Rxe3 Rd6 46. Rd3 Re6 47.
Kf2 Kf7 1-0

[Event "Tch-CRO 1stB Liga 2017"]
[Site "Mali Losinj"]
[Date "2017.10.01"]
[Round "4.14"]
[White "Vujakovic, Branko"]
[Black "Plenca, Julijan"]
[Result "0-1"]
[WhiteElo "2355"]
[BlackElo "2416"]
[PlyCount "88"]
[EventDate "2017.09.28"]
[EventType "team"]
[EventRounds "9"]
[EventCountry "CRO"]

1. e4 c5 2. Nf3 d6 3. d4 cxd4 4. Nxd4 Nf6 5. Nc3 g6 6. Be2 Bg7 7. O-O O-O 8.
Re1 Nc6 9. Nb3 Be6 10. Bf1 d5 11. exd5 Nxd5 12. Nxd5 Bxd5 13. Nc5 b6 14. Nb3 a5
15. c3 a4 16. Nd4 Nxd4 17. cxd4 Qd6 18. Bg5 e6 19. Qd2 Bb7 20. Red1 Rfc8 21.
Be3 Qd5 22. a3 Bf8 23. Rac1 Rd8 24. f3 Rac8 25. Rxc8 Rxc8 26. Rc1 Rxc1 27. Qxc1
Bd6 28. Bf2 Bb8 29. Qc4 Qxc4 30. Bxc4 Bf4 31. Bb5 Bc1 32. d5 Bxd5 33. Bd4 Bb3
34. Kf2 Kf8 35. Bf6 Bh6 36. Bd4 Bg7 37. Ke3 Bxd4+ 38. Kxd4 Ke7 39. Bc4 e5+ 40.
Kc3 Bxc4 41. Kxc4 Kd6 42. Kb5 Kd5 43. Kxa4 Kc4 44. b3+ Kc5 0-1

[Event "Tch-CRO 1stB Liga 2017"]
[Site "Mali Losinj"]
[Date "2017.10.01"]
[Round "4.15"]
[White "Matko, Ognjen"]
[Black "Blazeka, Matej"]
[Result "0-1"]
[WhiteElo "2330"]
[BlackElo "2325"]
[PlyCount "106"]
[EventDate "2017.09.28"]
[EventType "team"]
[EventRounds "9"]
[EventCountry "CRO"]

1. e4 c5 2. Ne2 d6 3. Nbc3 Nf6 4. g3 Nc6 5. Bg2 e5 6. d3 h6 7. O-O Be7 8. h3
O-O 9. f4 Re8 10. f5 Nd4 11. g4 Rb8 12. Ng3 Nh7 13. Nd5 Bh4 14. Kh2 Bd7 15. c3
Nb5 16. Be3 Nc7 17. Qd2 Bc6 18. Rad1 b5 19. Nh5 Bxd5 20. exd5 Nf6 21. Nxf6+
Qxf6 22. Be4 b4 23. c4 Kf8 24. Rg1 Ke7 25. g5 hxg5 26. Rxg5 Rh8 27. Rdg1 Rh7
28. R5g4 Rbh8 29. Kg2 Kf8 30. Rf1 Ne8 31. Rf3 Qe7 32. Kf1 Nf6 33. Rg1 Qd8 34.
Qg2 Nh5 35. f6 g6 36. Bxg6 fxg6 37. Qxg6 Nf4 38. Bxf4 exf4 39. Rxf4 Rf7 40.
Qg7+ Rxg7 41. fxg7+ Kg8 42. gxh8=Q+ Kxh8 43. Rg6 Kh7 44. Re6 Qg5 45. Ree4 Bg3
46. Rf7+ Kg6 47. Rf8 Qc1+ 48. Kg2 Be5 49. Rg4+ Kh6 50. Rf2 Bd4 51. Rh4+ Kg5 52.
Rg4+ Kh5 53. Rf5+ Kh6 0-1

[Event "Tch-CRO 1stB Liga 2017"]
[Site "Mali Losinj"]
[Date "2017.10.01"]
[Round "4.16"]
[White "Brumen, Dinko"]
[Black "Bobanac, Miro"]
[Result "0-1"]
[WhiteElo "2338"]
[BlackElo "2292"]
[PlyCount "128"]
[EventDate "2017.09.28"]
[EventType "team"]
[EventRounds "9"]
[EventCountry "CRO"]

1. d4 Nf6 2. Nf3 e6 3. c4 b6 4. Nc3 Bb7 5. e3 Be7 6. Bd3 d5 7. O-O Nbd7 8. Qe2
O-O 9. Rd1 Ne4 10. Nd2 f5 11. f3 Nxc3 12. bxc3 Nf6 13. e4 Nh5 14. g3 dxe4 15.
fxe4 g6 16. Nf3 Bf6 17. a4 a5 18. Rb1 Bc6 19. e5 Be7 20. Bc2 Qe8 21. Ra1 Rd8
22. Bh6 Ng7 23. Bb3 Bb7 24. h3 Qc6 25. d5 Bc5+ 26. Kh2 Qe8 27. Nd4 Bc8 28. Rd2
Bd7 29. Nb5 Rc8 30. Rad1 Qf7 31. Nd4 Rfe8 32. Nf3 Qe7 33. Bg5 Qf8 34. Bh6 Qe7
35. h4 Nh5 36. d6 cxd6 37. exd6 Qf6 38. Ne5 Rcd8 39. Bg5 Qg7 40. Bxd8 Rxd8 41.
Re1 Re8 42. Qf3 Rb8 43. Bd1 Nf6 44. Qd3 Rd8 45. Qf3 Rb8 46. Bc2 h5 47. Qf4 Ng4+
48. Nxg4 hxg4 49. Qg5 Re8 50. Rd3 Kf7 51. Bd1 Qf6 52. Qd2 g5 53. Qg2 gxh4 54.
Qb7 Rd8 55. Rf1 Qg5 56. Qc7 Kg6 57. Kg2 hxg3 58. Kxg3 e5 59. Kg2 f4 60. Rh1 Qf5
61. Qxd8 Bc6+ 62. Rd5 Qe4+ 63. Kf1 Qxh1+ 64. Ke2 Qg2+ 0-1

[Event "Tch-CRO 1stB Liga 2017"]
[Site "Mali Losinj"]
[Date "2017.10.01"]
[Round "4.21"]
[White "Brkic, Ante"]
[Black "Medvegy, Zoltan"]
[Result "1/2-1/2"]
[WhiteElo "2563"]
[BlackElo "2550"]
[PlyCount "34"]
[EventDate "2017.09.28"]
[EventType "team"]
[EventRounds "9"]
[EventCountry "CRO"]

1. e4 e6 2. d4 d5 3. Nc3 Bb4 4. e5 c5 5. a3 Bxc3+ 6. bxc3 Qa5 7. Bd2 Qa4 8. h4
Nc6 9. h5 h6 10. Nf3 c4 11. Rh4 Nge7 12. Rf4 Bd7 13. Nh4 Nf5 14. Nxf5 exf5 15.
g4 fxg4 16. Be2 Nd8 17. Bxg4 Ne6 1/2-1/2

[Event "Tch-CRO 1stB Liga 2017"]
[Site "Mali Losinj"]
[Date "2017.10.01"]
[Round "4.22"]
[White "Rezan, Sasa"]
[Black "Petkov, Vladimir"]
[Result "1/2-1/2"]
[WhiteElo "2430"]
[BlackElo "2495"]
[PlyCount "31"]
[EventDate "2017.09.28"]
[EventType "team"]
[EventRounds "9"]
[EventCountry "CRO"]

1. d4 Nf6 2. c4 e6 3. Nf3 d5 4. Nc3 Nbd7 5. Bf4 dxc4 6. e3 Bd6 7. Bxd6 cxd6 8.
Bxc4 O-O 9. O-O d5 10. Bd3 b6 11. Qb3 Bb7 12. Rfc1 Qe7 13. a4 a6 14. Rc2 Rfc8
15. Rac1 Qd8 16. Nd2 1/2-1/2

[Event "Tch-CRO 1stB Liga 2017"]
[Site "Mali Losinj"]
[Date "2017.10.01"]
[Round "4.23"]
[White "Stocko, Josip"]
[Black "Sinanovic, Muhamed"]
[Result "1/2-1/2"]
[WhiteElo "2362"]
[BlackElo "2376"]
[PlyCount "102"]
[EventDate "2017.09.28"]
[EventType "team"]
[EventRounds "9"]
[EventCountry "CRO"]

1. e4 c5 2. Nf3 Nc6 3. Bb5 e6 4. O-O Nge7 5. Re1 a6 6. Bf1 d5 7. e5 Nf5 8. c3
Be7 9. Na3 d4 10. Bd3 b5 11. Nc2 Bb7 12. b3 O-O 13. Qe2 Qd7 14. Bb2 dxc3 15.
dxc3 Na5 16. Rad1 Qc7 17. Bxf5 exf5 18. Ne3 Be4 19. c4 Qb7 20. Nd2 bxc4 21.
Nxe4 Qxe4 22. bxc4 Bg5 23. Bc3 Nc6 24. Nd5 Qxe2 25. Rxe2 Rab8 26. f4 Bd8 27.
Rb2 Ba5 28. Rxb8 Rxb8 29. Bxa5 Nxa5 30. Nc7 g6 31. Nxa6 Rb2 32. Rc1 Nb7 33. a3
Ra2 34. Rc3 Kf8 35. Rb3 Na5 36. Rc3 Nb7 37. h3 h5 38. Rb3 Na5 39. Rc3 Nb7 40.
Rb3 Na5 41. Rb8+ Kg7 42. Nxc5 Nxc4 43. Rb3 Rxa3 44. Rb7 Ra1+ 45. Kf2 Ra2+ 46.
Kf3 Kg8 47. e6 fxe6 48. Nxe6 Nd2+ 49. Ke3 Nf1+ 50. Kf3 Nh2+ 51. Kg3 Nf1+
1/2-1/2

[Event "Tch-CRO 1stB Liga 2017"]
[Site "Mali Losinj"]
[Date "2017.10.01"]
[Round "4.24"]
[White "Bilobrk, Franjo"]
[Black "Goric, Esad"]
[Result "1-0"]
[WhiteElo "2362"]
[BlackElo "2285"]
[PlyCount "106"]
[EventDate "2017.09.28"]
[EventType "team"]
[EventRounds "9"]
[EventCountry "CRO"]

1. d4 c5 2. d5 e5 3. e4 d6 4. Nc3 Nf6 5. Be2 Be7 6. Nf3 O-O 7. O-O Nbd7 8. a4
Re8 9. Nd2 Nf8 10. Nc4 Ng6 11. g3 Bf8 12. Kh1 Rb8 13. Bd3 b6 14. Qe2 a6 15. Na3
Ra8 16. Bd2 Ra7 17. Rab1 Nd7 18. Rg1 Nf6 19. b3 Kh8 20. f3 Be7 21. Nc4 Bf8 22.
Ne3 Ng8 23. Rbf1 Be7 24. Ng2 Bf6 25. Rb1 Nf8 26. Rgf1 Nd7 27. Ne3 Nb8 28. Rbe1
Bd7 29. Nc4 Qc7 30. Ne3 Ne7 31. Ng4 Ng8 32. Nxf6 Nxf6 33. Nd1 Qb7 34. c4 Qc8
35. Nc3 Qd8 36. Bg5 h6 37. Bd2 Bc8 38. Qg2 Nh7 39. f4 Nd7 40. f5 Rg8 41. Be2 b5
42. cxb5 c4 43. Bxc4 Nc5 44. Be3 Ra8 45. Bxc5 dxc5 46. Rc1 Nf6 47. Qe2 Ne8 48.
bxa6 Qb6 49. Qe3 Bxa6 50. Bxa6 Qxa6 51. Nb5 Nd6 52. Nc7 Qa7 53. Nxa8 Rxa8 1-0

[Event "Tch-CRO 1stB Liga 2017"]
[Site "Mali Losinj"]
[Date "2017.10.01"]
[Round "4.25"]
[White "Pucovski, Miroslav"]
[Black "Biliskov, Vjekoslav"]
[Result "1/2-1/2"]
[WhiteElo "2291"]
[BlackElo "2271"]
[PlyCount "59"]
[EventDate "2017.09.28"]
[EventType "team"]
[EventRounds "9"]
[EventCountry "CRO"]

1. e4 c5 2. c3 d5 3. exd5 Qxd5 4. d4 Nf6 5. Nf3 e6 6. Be3 cxd4 7. cxd4 Bb4+ 8.
Nc3 O-O 9. Bd3 b6 10. O-O Bxc3 11. bxc3 Ba6 12. Bxa6 Nxa6 13. Qa4 Nb8 14. c4
Qc6 15. Qb3 Nbd7 16. a4 Rac8 17. Rfc1 Qe4 18. h3 Rc6 19. a5 Rfc8 20. axb6 axb6
21. Nd2 Qf5 22. Qb1 Qxb1 23. Rcxb1 h6 24. Ra7 R6c7 25. Ra6 g5 26. Kf1 Kg7 27.
Ke2 Kg6 28. g3 Kg7 29. f4 g4 30. h4 1/2-1/2

[Event "Tch-CRO 1stB Liga 2017"]
[Site "Mali Losinj"]
[Date "2017.10.01"]
[Round "4.26"]
[White "Lasic, Vitomir"]
[Black "Bubalovic, Davorin"]
[Result "1/2-1/2"]
[WhiteElo "1952"]
[BlackElo "2241"]
[PlyCount "93"]
[EventDate "2017.09.28"]
[EventType "team"]
[EventRounds "9"]
[EventCountry "CRO"]

1. d4 Nf6 2. Nc3 d5 3. Bg5 Nbd7 4. Qd3 g6 5. e4 dxe4 6. Nxe4 Bg7 7. O-O-O O-O
8. Nf3 c6 9. Kb1 Qa5 10. Qd2 Qxd2 11. Nfxd2 h6 12. Nxf6+ Nxf6 13. Bxf6 Bxf6 14.
Ne4 Bg7 15. Be2 Rd8 16. c3 Bf5 17. f3 e5 18. dxe5 Bxe5 19. g4 Bxe4+ 20. fxe4
Kg7 21. h4 Kf6 22. Rhf1+ Ke7 23. Kc2 Rxd1 24. Rxd1 Bf6 25. h5 gxh5 26. gxh5 Rg8
27. Bf3 Ke6 28. Rf1 Rg5 29. a4 Be7 30. Kd3 Ke5 31. Ke2 Bd6 32. Rf2 Rg1 33. Rf1
Rg8 34. Bh1 f6 35. Rf5+ Ke6 36. Rf2 Rd8 37. Bg2 Kf7 38. Bh3 Be5 39. Bf5 a5 40.
Rf3 Ke7 41. Rd3 Bd6 42. Rd1 Rg8 43. Bg6 Rb8 44. Kd3 Bf4 45. Kc2 Bd6 46. Rg1 Bc5
47. Rd1 1/2-1/2

[Event "Tch-CRO 1stB Liga 2017"]
[Site "Mali Losinj"]
[Date "2017.10.01"]
[Round "4.31"]
[White "Sedlak, Nikola"]
[Black "Indjic, Aleksandar"]
[Result "1/2-1/2"]
[WhiteElo "2547"]
[BlackElo "2574"]
[PlyCount "22"]
[EventDate "2017.09.28"]
[EventType "team"]
[EventRounds "9"]
[EventCountry "CRO"]

1. e4 e5 2. Nf3 Nc6 3. Nc3 Nf6 4. Bb5 Nd4 5. Nxd4 exd4 6. e5 dxc3 7. exf6 Qxf6
8. dxc3 Qe5+ 9. Qe2 Qxe2+ 10. Kxe2 a6 11. Bd3 d6 1/2-1/2

[Event "Tch-CRO 1stB Liga 2017"]
[Site "Mali Losinj"]
[Date "2017.10.01"]
[Round "4.32"]
[White "Popovic, Dusan"]
[Black "Nemeth, Miklos"]
[Result "1/2-1/2"]
[WhiteElo "2528"]
[BlackElo "2489"]
[PlyCount "37"]
[EventDate "2017.09.28"]
[EventType "team"]
[EventRounds "9"]
[EventCountry "CRO"]

1. e4 e5 2. Nf3 Nc6 3. Bb5 a6 4. Ba4 Nf6 5. d3 b5 6. Bb3 Bc5 7. Nc3 d6 8. Nd5
h6 9. c3 Bb7 10. a4 b4 11. a5 bxc3 12. bxc3 Rb8 13. O-O O-O 14. Nxf6+ Qxf6 15.
Bd5 Ne7 16. Bxb7 Rxb7 17. d4 exd4 18. cxd4 Bb4 19. Bd2 1/2-1/2

[Event "Tch-CRO 1stB Liga 2017"]
[Site "Mali Losinj"]
[Date "2017.10.01"]
[Round "4.33"]
[White "Krstic, Uros"]
[Black "Medak, Bojan"]
[Result "1-0"]
[WhiteElo "2395"]
[BlackElo "2398"]
[PlyCount "43"]
[EventDate "2017.09.28"]
[EventType "team"]
[EventRounds "9"]
[EventCountry "CRO"]

1. e4 g6 2. d4 Bg7 3. Nc3 c6 4. Nf3 d6 5. Be3 Nf6 6. h3 O-O 7. Qd2 b5 8. Bd3
Bb7 9. O-O Qc7 10. e5 b4 11. Ne2 Nd5 12. Bh6 dxe5 13. dxe5 Nd7 14. e6 fxe6 15.
Ned4 Qd6 16. Bxg7 Kxg7 17. Ng5 Nc5 18. Rfe1 Nf4 19. Qxb4 e5 20. Qxc5 Qxd4 21.
Qxe7+ Kh6 22. Rxe5 1-0

[Event "Tch-CRO 1stB Liga 2017"]
[Site "Mali Losinj"]
[Date "2017.10.01"]
[Round "4.34"]
[White "Biti, Ozren"]
[Black "Trbojevic, Mladen"]
[Result "1/2-1/2"]
[WhiteElo "2345"]
[BlackElo "2338"]
[PlyCount "28"]
[EventDate "2017.09.28"]
[EventType "team"]
[EventRounds "9"]
[EventCountry "CRO"]

1. e4 e5 2. Nf3 Nc6 3. Bc4 Bc5 4. O-O Nf6 5. d3 d6 6. c3 O-O 7. a4 a5 8. h3 h6
9. Re1 Re8 10. Nbd2 Be6 11. Bb5 Bd7 12. Nf1 Ne7 13. Bxd7 Qxd7 14. Ng3 Ng6
1/2-1/2

[Event "Tch-CRO 1stB Liga 2017"]
[Site "Mali Losinj"]
[Date "2017.10.01"]
[Round "4.35"]
[White "Vernacki, Srdjan"]
[Black "Sertic, Rudolf"]
[Result "1-0"]
[WhiteElo "2324"]
[BlackElo "2382"]
[PlyCount "97"]
[EventDate "2017.09.28"]
[EventType "team"]
[EventRounds "9"]
[EventCountry "CRO"]

1. c4 e5 2. d3 Nf6 3. Nf3 Nc6 4. e3 d5 5. cxd5 Nxd5 6. a3 g6 7. Be2 Bg7 8. Qc2
O-O 9. O-O Nb6 10. Nc3 f5 11. b4 a6 12. Bb2 Qe7 13. Rac1 Be6 14. b5 axb5 15.
Nxb5 Na4 16. Ba1 Bf7 17. d4 exd4 18. Nbxd4 Nxd4 19. Bxd4 Bxd4 20. Nxd4 c6 21.
Rb1 Nc5 22. Rfc1 Ne4 23. a4 Nd6 24. Ra1 Qf6 25. Rd1 f4 26. e4 Rfe8 27. f3 Qe5
28. Bf1 Red8 29. Nb3 Bxb3 30. Qxb3+ Kg7 31. Rab1 Rd7 32. Rd2 Rad8 33. Rbd1 Kf8
34. h3 Ke8 35. Qg8+ Ke7 36. Qxh7+ Kf6 37. Qh4+ Kf7 38. Qh7+ Kf6 39. Qh4+ Kf7
40. Qg4 Qf6 41. Bc4+ Kf8 42. Be6 Nc4 43. Bxd7 Ke7 44. e5 Nxe5 45. Re2 Kf8 46.
Rxe5 Qxe5 47. Qxg6 Ke7 48. Qh7+ Kf8 49. Qh6+ 1-0

[Event "Tch-CRO 1stB Liga 2017"]
[Site "Mali Losinj"]
[Date "2017.10.01"]
[Round "4.36"]
[White "Filipovic, Marko"]
[Black "Tomasic, Roland"]
[Result "1-0"]
[WhiteElo "2332"]
[BlackElo "2177"]
[PlyCount "63"]
[EventDate "2017.09.28"]
[EventType "team"]
[EventRounds "9"]
[EventCountry "CRO"]

1. d4 f5 2. Nf3 Nf6 3. g3 g6 4. Bg2 Bg7 5. O-O O-O 6. c4 d6 7. Nc3 c6 8. b3 Qa5
9. Bd2 Qc7 10. Rc1 e5 11. d5 e4 12. Nd4 Ng4 13. Bf4 Ne5 14. Qd2 Qe7 15. Rfd1
Rd8 16. f3 exf3 17. exf3 Bf6 18. h4 c5 19. Ne6 Rd7 20. Bg5 Bxg5 21. hxg5 Na6
22. f4 Ng4 23. Bf3 h5 24. gxh6 Nxh6 25. Kg2 Qf6 26. Rh1 Nf7 27. g4 fxg4 28.
Bxg4 Re7 29. Ne4 Rxe6 30. dxe6 Qg7 31. exf7+ Kf8 32. Qxd6+ 1-0